Loading...
| Literature - British | 0 | 6 | 0 | 0 | 60 | 37 | 56.83 | 3 | 5 | 0.00 | 0.00 |
| History - Other | 0 | 4 | 0 | 1 | 40 | 57 | 72.50 | 0 | 3 | 0.00 | 0.00 |
| Philosophy | 0 | 4 | 0 | 0 | 40 | 37 | 59.25 | 3 | 3 | 0.00 | 0.00 |
| Fine Arts - Other | 0 | 4 | 0 | 0 | 40 | 13 | 48.25 | 4 | 4 | 0.00 | 0.00 |
| Fine Arts - Classical Music | 0 | 5 | 2 | 1 | 40 | 13 | 76.40 | 1 | 2 | 0.00 | 0.00 |
| History - World | 0 | 4 | 1 | 1 | 35 | 38 | 71.00 | 0 | 2 | 0.00 | 0.00 |
| Science - Other | 0 | 3 | 0 | 1 | 30 | 25 | 65.67 | 0 | 1 | 0.00 | 0.00 |
| History - American | 0 | 3 | 0 | 0 | 30 | 38 | 55.67 | 1 | 3 | 0.00 | 0.00 |
| History - European | 0 | 3 | 0 | 1 | 30 | 37 | 75.00 | 1 | 1 | 0.00 | 0.00 |
| Religion | 0 | 3 | 1 | 0 | 25 | 13 | 39.00 | 1 | 2 | 0.00 | 0.00 |
| Literature - World | 0 | 3 | 1 | 0 | 25 | 38 | 76.67 | 2 | 2 | 0.00 | 0.00 |
| Geography | 0 | 1 | 0 | 0 | 10 | 46 | 46.00 | 0 | 0 | 0.00 | 0.00 |
| Mythology | 0 | 1 | 0 | 0 | 10 | 38 | 38.00 | 1 | 1 | 0.00 | 0.00 |
| Literature - European | 0 | 2 | 2 | 0 | 10 | 39 | 51.50 | 0 | 1 | 0.00 | 0.00 |
| Fine Arts - Painting and Sculpture | 0 | 1 | 2 | 0 | 0 | 79 | 79.00 | 0 | 0 | 0.00 | 0.00 |
| Literature - American | 0 | 0 | 1 | 0 | -5 | 0.00 | 0 | 0 | 0.00 | 0.00 |